Al-Raheeq-ul-Makhtoom (Record no. 12132)
[ view plain ]
| 000 -LEADER | |
|---|---|
| fixed length control field | 00459nam a22001577a 4500 |
| 020 ## - INTERNATIONAL STANDARD BOOK NUMBER | |
| International Standard Book Number | - |
| 082 ## - DEWEY DECIMAL CLASSIFICATION NUMBER | |
| Classification number | 297.092 |
| 100 ## - MAIN ENTRY--PERSONAL NAME | |
| Personal name | Mubarak Puri, Safi-ur-Rehman |
| 9 (RLIN) | 134127 |
| 245 ## - TITLE STATEMENT | |
| Title | Al-Raheeq-ul-Makhtoom |
| 260 ## - PUBLICATION, DISTRIBUTION, ETC. | |
| Place of publication, distribution, etc. | Lahore (Pakistan) |
| Name of publisher, distributor, etc. | Al-Maktabat-ul-Salfia |
| Date of publication, distribution, etc. | 1995 |
| 300 ## - PHYSICAL DESCRIPTION | |
| Extent | 656 p. |
| Other physical details | ill. ; |
| 500 ## - GENERAL NOTE | |
| General note | Includes index. |
| 650 ## - SUBJECT ADDED ENTRY--TOPICAL TERM | |
| Topical term or geographic name entry element | Muhammad (S.A.W.), Prophet. |
| 9 (RLIN) | 134128 |
| 856 ## - ELECTRONIC LOCATION AND ACCESS | |
| Uniform Resource Identifier | <a href="http://10.250.8.41:8080/xmlui/handle/123456789/1370">http://10.250.8.41:8080/xmlui/handle/123456789/1370</a> |
| 942 ## - ADDED ENTRY ELEMENTS (KOHA) | |
| Koha item type | Book |
| Source of classification or shelving scheme | |
| Withdrawn status | Lost status | Damaged status | Not for loan | Collection code | Permanent Location | Current Location | Shelving location | Date acquired | Source of acquisition | Cost, normal purchase price | Total Checkouts | Total Renewals | Full call number | Barcode | Date last seen | Date last checked out | Price effective from | Koha item type |
|---|---|---|---|---|---|---|---|---|---|---|---|---|---|---|---|---|---|---|
| Central Library (CL) | Central Library (CL) | General Stacks | 07/17/2013 | Allied Book Company | 320.00 | 5 | 3 | 297.092 MUB | SEECS012640 | 01/16/2022 | 02/27/2020 | 07/19/2013 | Book |
